000 00356 a2200169 4500
001 184331
020 _a
040 _cMagnum
100 _aEdim, Sheila Denyse Jamel
240 1 0 _aUma menina... bela
_lpor
245 1 0 _aUma menina... bela
300 _a128
362 0 _a1998
440 1 _aSalamandra
697 _aLITERATURA JUVENIL
942 _cBK
999 _c184331
_d184331